000 00694nam a2200229Ia 4500
003 GCL
008 140319s9999 xx 000 0 ara d
040 _aGCL /
_cGCL
082 0 4 _a415
_bت ص
100 1 _aتوفيق اسعد
245 1 0 _aصيغة افعل ودلالتها فى القران الكريم /
_cتوفيق اسعد
260 _a[S.N] :
_bمنشاة المعارف الاسلامية ،
_c1990
300 _a342 ص
490 _aدراسات ادبية
_v0
650 0 4 _aالاسلام
650 0 4 _aالنحو
650 0 4 _aاللغة العربية
650 0 4 _aالبلاغة العربية
650 0 4 _aالفاظ
650 0 4 _aالقران
942 _2ddc
_cBK
999 _c32102
_d32102